000 003680000a22001690004500
005 20120302061525.0
942 _cBOOK
100 _a Aapate,Pradeep
245 _a Dnyaanabodha
260 _aMumbai:Tridal Prakaashan,1997.
300 _a192p.
040 _aMAR
365 _b120/-
650 _aSant Vaangamaya
650 _aDnyaaneshwari
650 _aDaasbodha
999 _c354188
_d354185